00662 a2200169 450000500170000000800410001701000140005802000110007203500130008303700180009608200100011410000180012424501650014226000440030727001160035130000250046720080917121750.0080917t xxu||||| |||| 00| 0 eng d aENG-87793 c125.00 aEN-71326 bD.B.Act / Pub a658.3 aSubba Rao, P. aHuman resource development-BBMcby P. Subba Raobas per new syllabus of subject human resource management of sixth semester, 3rd year BBM, Bangalore University aMumbaibHimalaya Publishing Housec2007 a"Ramdoot", Dr. Bhalerao Marg, (Kelewadi), GirgaonbMumbaie400 004k022-23860170, 022-23863863mhimpub@vsnl.com a193 p.c24 cm. (Pbk)